00739cam a2200205 a 4500020003200000040000800032082002600040100002200066245003600088246002500124250001300149260004800162300005700210500004100267500012600308650002300434650002600457700002500483700002500508 a0256241481 (acidfree paper) cDLC00a658 IRW 1998 A055 Or.1 aStrickland, A. J.10aCases in strategic management /30aStrategic management a10th ed. aBoston, Mass. :bIrwin/McGraw-Hill,cc1998. axii, 691 p. :bill. (some col.), col. maps ;c26 cm. a"International edition"--T.p. verso. a"The 34 cases in this edition include 22 new cases ... eight cases from the ninth edition of Strategic management"--Pref. 0aStrategic planning 0aIndustrial management1 aThompson, Arthur A.,1 aThompson, Arthur A.,